Renewable energy sources : (Record no. 46964)

MARC details
000 -LEADER
fixed length control field 02193nam a22003377a 4500
005 - DATE AND TIME OF LATEST TRANSACTION
control field 20100920121849.0
010 ## - LCCN (DPL NO)
LC control number ENG-101491 B-441094-098
020 ## - INTERNATIONAL STANDARD BOOK NUMBER
International Standard Book Number 9788120339941
Terms of availability 325.00
035 ## - SYSTEM CONTROL NUMBER
System control number EN-85024
035 ## - SYSTEM CONTROL NUMBER
System control number B-441094-098
037 ## - SOURCE OF ACQUISITION
Source of stock number/acquisition DBAD / PUB
037 ## - SOURCE OF ACQUISITION
Source of stock number/acquisition Allied Publishers
082 ## - DEWEY DECIMAL CLASSIFICATION NUMBER
Classification number 333.794
100 ## - MAIN ENTRY--PERSONAL NAME
Personal name Abbasi,Tasneem
245 ## - TITLE STATEMENT
Title Renewable energy sources :
Statement of responsibility, etc by Tasneem Abbasi [and] S.A.Abbasi
Remainder of title their impact on global warming and pollution /
260 ## - PUBLICATION, DISTRIBUTION, ETC. (IMPRINT)
Name of publisher, distributor, etc Prentice Hall of India
Date of publication, distribution, etc 2010
Place of publication, distribution, etc New Delhi
260 ## - PUBLICATION, DISTRIBUTION, ETC. (IMPRINT)
Name of publisher, distributor, etc Prentice Hall of India
Date of publication, distribution, etc 2011
Place of publication, distribution, etc New Delhi
270 ## - ADDRESS
Address M-97, Connaught Circus
Postal code 110001
300 ## - PHYSICAL DESCRIPTION
Extent xvi, 320p.
Dimensions 24cm (pbk)
500 ## - GENERAL NOTE
General note Includes bibliographical references and index
700 ## - ADDED ENTRY--PERSONAL NAME
Personal name Abbasi,S.A.
9 (RLIN) 20777
942 ## - ADDED ENTRY ELEMENTS (KOHA)
Institution code [OBSOLETE] dpl
Item type English Books
Source of classification or shelving scheme Dewey Decimal Classification
Classification part 333.794
Call number suffix ABB
Holdings
Withdrawn status Lost status Not for loan Collection code Home library Current library Date acquired Source of acquisition Cost, normal purchase price Full call number Barcode Copy number Cost, replacement price Koha item type
  Lost and Paid For   Non-fiction Central Library Central Library 27/07/2011 Allied Publishers/CR/0000061/20.4.11/282/14.3.11/10.6.11 325.00 333.794 ABB B-441094 1 325.00 English Books
    Not For Loan Reference Central Library Central Library 27/07/2011 Allied Publishers/CR/0000061/20.4.11/282/14.3.11/10.6.11 325.00 333.794 ABB B-441095 1 325.00 English Books
    Not For Loan Non-fiction D.B.Act.Division D.B.Act.Division 20/09/2010 DBAD/PUB 325.00 333.794 ABB EN-85024 1 325.00 English Books
      Non-fiction Patel Nagar Patel Nagar 27/07/2011 Allied Publishers/CR/0000061/20.4.11/282/14.3.11/10.6.11 325.00 333.794 ABB B-441096 1 325.00 English Books
      Non-fiction Sarojini Nagar Sarojini Nagar 27/07/2011 Allied Publishers/CR/0000061/20.4.11/282/14.3.11/10.6.11 325.00 333.794 ABB B-441097 1 325.00 English Books
      Non-fiction Shahdara Branch Sarojini Nagar 27/07/2011 Allied Publishers/CR/0000061/20.4.11/282/14.3.11/10.6.11 325.00 333.794 ABB B-441098 1 325.00 English Books

© Delhi Public Library
Hit Counter
free hit counter